00586nam a2200157 a 450000500170000000800410001702000180005805000240007610000250010024500670012526000540019230000170024644000450026352000850030865000350039320140412111300.0030415s19uu xx 00 eng d a0-06-445059-7 aM 551.2'1bB73 1985 aBranley, Franklyn M. aVolcanoes /cby Frank M. Bradley ; illustrated by Marc Simont. aNew York :bHarperCollins Children's Book,c1985. a32 p. ; ill. aLet's Read-and-Find-Out Science, Level 2 aExplains how volcanoes are formed and how they affect the earth when they erupt. aVolcanoes--Juvenile literature